Detalles MARC
| 000 -CABECERA |
| campo de control de longitud fija |
00864nam a2200253 i 4500 |
| 001 - NÚMERO DE CONTROL |
| campo de control |
000029456 |
| 003 - IDENTIFICADOR DEL NÚMERO DE CONTROL |
| campo de control |
DO-SdBNP |
| 005 - FECHA Y HORA DE LA ÚLTIMA TRANSACCIÓN |
| campo de control |
20241003083649.0 |
| 007 - CAMPO FIJO DE DESCRIPCIÓN FÍSICA--INFORMACIÓN GENERAL |
| campo de control de longitud fija |
ta |
| 008 - DATOS DE LONGITUD FIJA--INFORMACIÓN GENERAL |
| campo de control de longitud fija |
110415s19uu dr 000 0 spa d |
| 040 ## - FUENTE DE LA CATALOGACIÓN |
| Centro catalogador/agencia de origen |
DO-SdBNP |
| Lengua de catalogación |
spa |
| Centro/agencia transcriptor |
BNPHU |
| Normas de descripción |
rda |
| 082 ## - NÚMERO DE LA CLASIFICACIÓN DECIMAL DEWEY |
| Número de documento/Ítem |
R426c |
| Número de edición |
22 |
| 110 1# - ENTRADA PRINCIPAL--NOMBRE DE ENTIDAD CORPORATIVA |
| Nombre de entidad corporativa o nombre de jurisdicción como elemento de entrada |
República Dominicana. |
| Unidad subordinada |
Consejos Nacional de Hombres de Empresa |
| 9 (RLIN) |
56325 |
| 245 10 - MENCIÓN DE TÍTULO |
| Título |
Como aprovechar los beneficios de la iniciativa para la cuenca del caribe en la República Dominicana. |
| 264 ## - PRODUCCIÓN, PUBLICACIÓN, DISTRIBUCIÓN, FABRICACIÓN Y COPYRIGHT |
| Producción, publicación, distribución, fabricación y copyright |
Santo Domingo : |
| Nombre del de productor, editor, distribuidor, fabricante |
CENAPEC, |
| Fecha de producción, publicación, distribución, fabricación o copyright |
fecha no identificada |
| 300 ## - DESCRIPCIÓN FÍSICA |
| Extensión |
18 páginas ; |
| Dimensiones |
21 cm. |
| 336 ## - TIPO DE CONTENIDO |
| Término de tipo de contenido |
rdacontent |
| Código de tipo de contenido |
texto |
| Fuente |
txt |
| 337 ## - TIPO DE MEDIO |
| Nombre/término del tipo de medio |
rdamedia |
| Código del tipo de medio |
sin mediación |
| Fuente |
n |
| 338 ## - TIPO DE SOPORTE |
| Código del tipo de soporte |
rdacarrier |
| Número de control del registro de autoridad o número normalizado |
volumen |
| Fuente |
nc |
| 590 ## - NOTA LOCAL (RLIN) |
| Nota local |
Inventariado, 2024/DG |
| 710 1# - PUNTO DE ACCESO ADICIONAL--NOMBRE DE ENTIDAD CORPORATIVA |
| Nombre de entidad corporativa o nombre de jurisdicción como elemento de entrada |
República Dominicana. |
| Unidad subordinada |
Centros Apec de Educación a Distancia |
| 9 (RLIN) |
56326 |
| 910 ## - DATOS DE OPCIÓN DEL USUARIO (OCLC) |
| Datos de opción del usuario |
DG |
| 942 ## - ELEMENTOS DE PUNTO DE ACCESO ADICIONAL (KOHA) |
| Fuente del sistema de clasificación o colocación |
Dewey Decimal Classification |
| Tipo de ítem Koha |
Libro |